000 00527nam a22001937a 4500
999 _c6883
_d6883
003 OSt
005 20210417093429.0
008 210417b ||||| |||| 00| 0 eng d
020 _a9780674034525
040 _cDDC
082 _a530 SCH 2009
100 _aSchweber Silvan S
_914119
245 _aEinstein and Oppenheimer: the meaning of genius
260 _aHarvad University Press, 2009
300 _axiv, 412p; ill.
_c24cm
504 _aBibliography and index included.
650 _aPhysics
_9809
942 _2ddc
_cO_SHELF